| 000 | 01036nam a2200253 i 4500 | ||
|---|---|---|---|
| 001 | bg | ||
| 100 | 1 | _aKORYCKI, Ryszard | |
| 245 | 1 | 0 |
_aIdentyfikacja i optymalne projektowanie kształtu wyrobów i konstrukcji włókienniczych przewodzących ciepło / _cRyszard Korycki. |
| 260 |
_aŁódź : _bWydaw. Politechniki Łódzkiej, _c2003. |
||
| 300 |
_a172 s. : _bil. ; _c24 cm. |
||
| 490 | 1 |
_aZeszyty Naukowe / Politechnika Łódzka. Rozprawy Naukowe, _x0137-4834 ; _vz. 326 |
|
| 500 | _aNumer serii gł.: nr 929. - Na s. red. odmienny tyt. serii: Zeszyty Naukowe Politechniki Łódzkiej. - Streszcz. ang. | ||
| 504 | _aBibliogr. | ||
| 650 | 9 |
_aMaszyny _xbudowa i konstrukcje _xprojekty |
|
| 650 | 9 |
_aWłókiennictwo _xmaszyny |
|
| 650 | 9 |
_aOptymalizacja _xstosowanie |
|
| 650 | 9 |
_aTermodynamika _xzagadnienia |
|
| 830 | 0 |
_aZeszyty Naukowe (Politechnika Łódzka). _pRozprawy Naukowe |
|
| 040 | _cBPK | ||
| 041 | 0 |
_apol _beng |
|
| 080 | _a677.05/.07:621.01:536.7:519.863 | ||
| 942 | _cKS | ||
| 008 | s pl f |000 0 pol | ||
| 999 |
_c44362 _d44362 |
||
| 856 |
_uhttp://koha.tu.koszalin.pl/cgi-bin/koha/opac-detail.pl?biblionumber=44362 _yKatalog online BPK |
||